The World's 25 Most High-Tech Cities - Statistics

General Stats
  • This quiz has been taken 108 times
  • The average score is 18 of 25
Answer Stats
Rank City % Correct
2 New York City
96%
12 Tokyo
96%
3 London
95%
4 Los Angeles
92%
17 Shanghai
88%
1 San Francisco
87%
6 Seoul
87%
16 Beijing
84%
21 Berlin
84%
8 Singapore
81%
7 Boston
78%
9 Toronto
78%
10 Chicago
76%
15 Amsterdam
72%
5 Taipei
71%
22 Hong Kong
70%
25 Washington, DC
70%
14 Vancouver
66%
11 Dallas
64%
13 Stockholm
60%
18 Montreal
51%
23 Copenhagen
49%
24 Barcelona
46%
20 Shenzhen
40%
19 Bangalore
22%
No matching quizzes found
Score Distribution
Percent of People with Each Score
Percentile by Number Answered
Your Score History
You have not taken this quiz